000 00327nam a22001337a 4500
008 170906b xxu||||| |||| 00| 0 eng d
020 _a0442205740
041 _aeng
080 _a72
100 _a41
101 _aARK
245 _aTHE ARCHITECT'S RENIDEKUBG RENOVATION,& RESTORATION HANDBOOK
_cSIMMONS,H.L
942 _2udc
_cBK
999 _c26390
_d26390